[Event "Zrenjanin"]
[Site "Zrenjanin"]
[Date "2012.11.29"]
[Round "6"]
[White "Vukic, Radivoje"]
[Black "Levnajic, Pavle"]
[Result "1/2-1/2"]
[WhiteElo "2342"]
[BlackElo "2210"]
[PlyCount "101"]
[EventDate "2012.11.23"]
[EventType "tourn"]
[EventRounds "9"]
[EventCountry "SRB"]
[EventCategory "3"]
[SourceTitle "EXT 2014"]
[Source "ChessBase"]
[SourceDate "2013.11.20"]
[SourceVersion "1"]
[SourceVersionDate "2013.11.20"]
[SourceQuality "1"]

1. Nf3 g6 2. d4 Nf6 3. c4 Bg7 4. Nc3 d5 5. cxd5 Nxd5 6. e4 Nxc3 7. bxc3 0-0 8. Be3 c5 9. Qd2 Qa5 10. Rc1 Na6 11. Bxa6 cxd4 12. cxd4 Qxa6 13. Qe2 Qa5+ 14. Qd2 Qa6 15. Qe2 Qe6 16. Ng5 Qd6 17. d5 Bd7 18. 0-0 Rfc8 19. f4 Qb4 20. Rb1 Qa4 21. Rxb7 Rc2 22. Qf3 h6 23. Nh3 Bxh3 24. Qxh3 Rc3 25. e5 Qe4 26. Rb3 Rxb3 27. axb3 Qxd5 28. Qf3 Qxf3 29. Rxf3 e6 30. Kf1 Bf8 31. Ke2 Bb4 32. g4 a5 33. f5 exf5 34. gxf5 Re8 35. fxg6 fxg6 36. Bd4 Rf8 37. e6 Rxf3 38. Kxf3 Kf8 39. Ke4 Ke7 40. Kd5 g5 41. h3 h5 42. Be5 Bd2 43. Bd6+ Kf6 44. e7 Kf7 45. Ke4 g4 46. hxg4 hxg4 47. Kf5 g3 48. Bxg3 Kxe7 49. Ke5 Kd7 50. Kd5 Bb4 51. Bf2 1/2-1/2

[Event "Zrenjanin"]
[Site "Zrenjanin"]
[Date "2012.11.28"]
[Round "5"]
[White "Ilincic, Zlatko"]
[Black "Vukic, Radivoje"]
[Result "1/2-1/2"]
[WhiteElo "2437"]
[BlackElo "2342"]
[PlyCount "25"]
[EventDate "2012.11.23"]
[EventType "tourn"]
[EventRounds "9"]
[EventCountry "SRB"]
[EventCategory "3"]
[SourceTitle "EXT 2014"]
[Source "ChessBase"]
[SourceDate "2013.11.20"]
[SourceVersion "1"]
[SourceVersionDate "2013.11.20"]
[SourceQuality "1"]

1. d4 d5 2. c4 c6 3. Nf3 Nf6 4. Nc3 a6 5. e3 e6 6. a3 dxc4 7. Bxc4 b5 8. Bd3 c5 9. dxc5 Bxc5 10. b4 Be7 11. Bb2 Bb7 12. 0-0 Nbd7 13. Qe2 1/2-1/2

[Event "Zrenjanin"]
[Site "Zrenjanin"]
[Date "2012.11.25"]
[Round "3"]
[White "Strbac, Mladen"]
[Black "Vukic, Radivoje"]
[Result "1/2-1/2"]
[WhiteElo "2236"]
[BlackElo "2342"]
[PlyCount "68"]
[EventDate "2012.11.23"]
[EventType "tourn"]
[EventRounds "9"]
[EventCountry "SRB"]
[EventCategory "3"]
[SourceTitle "EXT 2014"]
[Source "ChessBase"]
[SourceDate "2013.11.20"]
[SourceVersion "1"]
[SourceVersionDate "2013.11.20"]
[SourceQuality "1"]

1. e4 c6 2. Nc3 d5 3. Nf3 Bg4 4. Be2 e6 5. d4 Bb4 6. 0-0 Nf6 7. e5 Nfd7 8. Bg5 Be7 9. Bxe7 Qxe7 10. h3 Bxf3 11. Bxf3 a6 12. Ne2 c5 13. c4 dxc4 14. Bxb7 Ra7 15. Be4 cxd4 16. Qxd4 Qc5 17. f4 0-0 18. Rac1 Rc7 19. Rc2 Qxd4+ 20. Nxd4 Nb6 21. b3 Rfc8 22. Rfc1 N8d7 23. Kf2 Nc5 24. Ke3 f5 25. exf6 gxf6 26. bxc4 e5 27. fxe5 fxe5 28. Nf5 Nxe4 29. Kxe4 Nxc4 30. Ne3 Nd2+ 31. Kd3 Rd7+ 32. Ke2 Rcd8 33. Rd1 Ne4 34. Rxd7 Rxd7 1/2-1/2

[Event "SRB-chT2 Vojvodina League"]
[Site "Kac"]
[Date "2012.10.21"]
[Round "11"]
[White "Vukic, Radivoje"]
[Black "Varga, Zoltan"]
[Result "1/2-1/2"]
[WhiteElo "2351"]
[BlackElo "2455"]
[PlyCount "25"]
[EventDate "2012.10.14"]
[EventType "team-swiss"]
[EventRounds "11"]
[EventCountry "SRB"]
[SourceTitle "EXT 2015"]
[Source "ChessBase"]
[SourceDate "2014.11.20"]
[SourceVersion "1"]
[SourceVersionDate "2014.11.20"]
[SourceQuality "1"]

1. d4 d5 2. c4 dxc4 3. Nf3 c6 4. e4 b5 5. a4 Nf6 6. e5 Nd5 7. axb5 cxb5 8. b3 e6 9. bxc4 bxc4 10. Bxc4 Bb4+ 11. Bd2 0-0 12. Qb3 Bxd2+ 13. Nbxd2 1/2-1/2

[Event "SRB-chT2 Vojvodina League"]
[Site "Kac"]
[Date "2012.10.19"]
[Round "8"]
[White "Vukic, Radivoje"]
[Black "Petakov, Uros"]
[Result "1/2-1/2"]
[WhiteElo "2351"]
[BlackElo "2338"]
[PlyCount "21"]
[EventDate "2012.10.14"]
[EventType "team-swiss"]
[EventRounds "11"]
[EventCountry "SRB"]
[SourceTitle "EXT 2015"]
[Source "ChessBase"]
[SourceDate "2014.11.20"]
[SourceVersion "1"]
[SourceVersionDate "2014.11.20"]
[SourceQuality "1"]

1. d4 Nf6 2. Nf3 b5 3. c3 a6 4. a4 bxa4 5. Qxa4 e6 6. g3 Bb7 7. Bg2 Be7 8. 0-0 0-0 9. b4 d6 10. Nbd2 Nbd7 11. Ba3 1/2-1/2

[Event "SRB-chT2 Vojvodina League"]
[Site "Kac"]
[Date "2012.10.18"]
[Round "7"]
[White "Elez, Nikola"]
[Black "Vukic, Radivoje"]
[Result "1/2-1/2"]
[WhiteElo "2207"]
[BlackElo "2351"]
[PlyCount "71"]
[EventDate "2012.10.14"]
[EventType "team-swiss"]
[EventRounds "11"]
[EventCountry "SRB"]
[SourceTitle "EXT 2015"]
[Source "ChessBase"]
[SourceDate "2014.11.20"]
[SourceVersion "1"]
[SourceVersionDate "2014.11.20"]
[SourceQuality "1"]

1. e4 e5 2. Nf3 Nf6 3. Nc3 Bb4 4. Bc4 0-0 5. 0-0 d6 6. d3 Bxc3 7. bxc3 Bg4 8. h3 Be6 9. Bxe6 fxe6 10. Re1 Nbd7 11. d4 Qe8 12. Qd3 d5 13. exd5 e4 14. Rxe4 Nxe4 15. Qxe4 Nf6 16. Qxe6+ Qxe6 17. dxe6 Rfe8 18. Rb1 b6 19. Bf4 Rxe6 20. c4 Re2 21. Rc1 Re7 22. Kf1 Rf8 23. Ne5 Ne4 24. Be3 c5 25. c3 Nd6 26. Ke2 Rc8 27. Kd3 h6 28. f4 Nf7 29. g4 cxd4 30. cxd4 Rec7 31. d5 Re8 32. Bd4 g5 33. Ng6 gxf4 34. Nxf4 Ne5+ 35. Bxe5 Rxe5 36. Ng6 1/2-1/2

[Event "SRB-chT2 Vojvodina League"]
[Site "Kac"]
[Date "2012.10.16"]
[Round "4"]
[White "Vukic, Radivoje"]
[Black "Laketic, Gojko"]
[Result "1/2-1/2"]
[WhiteElo "2351"]
[BlackElo "2435"]
[PlyCount "23"]
[EventDate "2012.10.14"]
[EventType "team-swiss"]
[EventRounds "11"]
[EventCountry "SRB"]
[SourceTitle "EXT 2015"]
[Source "ChessBase"]
[SourceDate "2014.11.20"]
[SourceVersion "1"]
[SourceVersionDate "2014.11.20"]
[SourceQuality "1"]

1. d4 d5 2. Nf3 Nf6 3. c4 c6 4. Nc3 e6 5. e3 Nbd7 6. Qc2 b6 7. Bd3 Bb7 8. 0-0 Be7 9. cxd5 cxd5 10. Bd2 0-0 11. Rfc1 Rc8 12. Qb3 1/2-1/2

[Event "SRB-chT2 Vojvodina League"]
[Site "Kac"]
[Date "2012.10.14"]
[Round "1"]
[White "Roganovic, Milos"]
[Black "Vukic, Radivoje"]
[Result "1-0"]
[WhiteElo "2518"]
[BlackElo "2351"]
[PlyCount "87"]
[EventDate "2012.10.14"]
[EventType "team-swiss"]
[EventRounds "11"]
[EventCountry "SRB"]
[SourceTitle "EXT 2015"]
[Source "ChessBase"]
[SourceDate "2014.11.20"]
[SourceVersion "1"]
[SourceVersionDate "2014.11.20"]
[SourceQuality "1"]

1. e4 c6 2. d4 d5 3. e5 Bf5 4. h4 h5 5. c4 e6 6. Nc3 dxc4 7. Bxc4 Nd7 8. Nge2 Nb6 9. Bb3 Be7 10. g3 Bg4 11. Qd3 Bxe2 12. Kxe2 Qd7 13. Rd1 Nh6 14. Bxh6 Rxh6 15. f4 Rd8 16. Qf3 Kf8 17. Rd3 g6 18. Ne4 Nd5 19. Nc3 Kg7 20. Nxd5 cxd5 21. Rc3 Bb4 22. Rc2 Rc8 23. Qd3 Rhh8 24. Rac1 a6 25. Ke3 Be7 26. a3 Rhf8 27. Rc3 Rxc3 28. Qxc3 Rb8 29. Bd1 Bd8 30. Qc5 b5 31. f5 exf5 32. Bf3 f4+ 33. gxf4 Bxh4 34. Qxd5 Qf5 35. Qe4 Qh3 36. Rg1 Kh7 37. Qd5 Qf5 38. Rh1 Bg3 39. Rxh5+ gxh5 40. Be4 Qxe4+ 41. Qxe4+ Kg7 42. Qf5 h4 43. e6 Rb7 44. Qg5+ 1-0

[Event "Vojvodina-chT2"]
[Site "Vrbas"]
[Date "2011.09.29"]
[Round "7"]
[White "Vukic, Radivoje"]
[Black "Sipos, Istvan"]
[Result "0-1"]
[WhiteElo "2336"]
[BlackElo "2452"]
[PlyCount "94"]
[EventDate "2011.09.25"]
[EventType "team-tourn"]
[EventRounds "11"]
[EventCountry "SRB"]
[SourceTitle "CBM 144 Extra"]
[Source "ChessBase"]
[SourceDate "2011.10.28"]
[SourceVersion "1"]
[SourceVersionDate "2011.10.28"]
[SourceQuality "1"]

1. d4 Nf6 2. c4 g6 3. Nc3 Bg7 4. e4 d6 5. Nf3 0-0 6. Be2 e5 7. 0-0 exd4 8. Nxd4 Re8 9. f3 c6 10. Kh1 Nbd7 11. Nc2 Qe7 12. Bf4 Ne5 13. Qd2 Be6 14. b3 Rad8 15. Rad1 Qf8 16. g4 a6 17. Nd4 Bc8 18. Bg5 h6 19. Bh4 b5 20. cxb5 axb5 21. Nxc6 Nxc6 22. Bxb5 Bb7 23. Nd5 g5 24. Bg3 Nxd5 25. exd5 Nd4 26. Bxe8 Qxe8 27. Qb4 Qb5 28. Qxb5 Nxb5 29. Rd3 Nc3 30. a4 Ba6 31. Rxc3 Bxc3 32. Rc1 Be5 33. b4 Bb7 34. Rc6 Bxc6 35. dxc6 Bc3 36. b5 Ba5 37. Kg2 Kf8 38. f4 Ke7 39. f5 Ra8 40. Bf2 Bc7 41. b6 Bxb6 42. Bxb6 Rxa4 43. Kf3 Rf4+ 44. Kg3 Rb4 45. f6+ Kxf6 46. Bc5 Rc4 47. Bxd6 Rxc6 0-1

[Event "Vojvodina-chT2"]
[Site "Vrbas"]
[Date "2011.09.27"]
[Round "4"]
[White "Ratkovic, Miloje"]
[Black "Vukic, Radivoje"]
[Result "1/2-1/2"]
[WhiteElo "2135"]
[BlackElo "2336"]
[PlyCount "144"]
[EventDate "2011.09.25"]
[EventType "team-tourn"]
[EventRounds "11"]
[EventCountry "SRB"]
[SourceTitle "CBM 144 Extra"]
[Source "ChessBase"]
[SourceDate "2011.10.28"]
[SourceVersion "1"]
[SourceVersionDate "2011.10.28"]
[SourceQuality "1"]

1. d4 Nf6 2. Nf3 e6 3. c4 Bb4+ 4. Bd2 Be7 5. Nc3 d5 6. cxd5 exd5 7. Qc2 c6 8. Bg5 g6 9. e3 Bf5 10. Bd3 Bxd3 11. Qxd3 0-0 12. h4 Nbd7 13. 0-0-0 b5 14. Bxf6 Bxf6 15. h5 Re8 16. Rh3 b4 17. Na4 Qe7 18. Rdh1 Qe4 19. Qxe4 dxe4 20. Nd2 c5 21. hxg6 hxg6 22. dxc5 Rac8 23. Kb1 Nxc5 24. Nxc5 Rxc5 25. f3 exf3 26. Rxf3 Bg5 27. Re1 f5 28. b3 Kg7 29. Nc4 Rd5 30. Kc2 Red8 31. Rff1 Re8 32. Rd1 Rxd1 33. Rxd1 Bxe3 34. Re1 f4 35. g3 Rc8 36. gxf4 Bxf4 37. Re7+ Kh6 38. Rxa7 g5 39. Kd3 Re8 40. a3 bxa3 41. Rxa3 g4 42. Ra2 g3 43. Re2 Rf8 44. Ke4 Bb8 45. Ne3 Kg5 46. Ng2 Ba7 47. Ra2 Rf7 48. Ra4 Kg4 49. Ke5+ Kh3 50. Nf4+ Kh2 51. Ra2+ Bf2 52. Ke4 Rb7 53. Nd3 Kg2 54. Nf4+ Kh2 55. Nd3 Re7+ 56. Kf5 Kg2 57. Kg4 Re4+ 58. Nf4+ Kf1 59. Ra1+ Be1 60. Rxe1+ Rxe1 61. Kxg3 Re3+ 62. Kg4 Rxb3 63. Nd5 Kf2 64. Kf4 Rh3 65. Ke4 Rh4+ 66. Ke5 Kf3 67. Nf6 Ra4 68. Nd5 Re4+ 69. Kf5 Re8 70. Nf6 Ra8 71. Ke5 Ra5+ 72. Nd5 Rb5 1/2-1/2

[Event "Zrenjanin"]
[Site "Zrenjanin"]
[Date "2011.07.12"]
[Round "5"]
[White "Vukic, Radivoje"]
[Black "Damnjanovic, Radovan"]
[Result "1/2-1/2"]
[WhiteElo "2333"]
[BlackElo "2255"]
[PlyCount "143"]
[EventDate "2011.07.08"]
[EventType "tourn"]
[EventRounds "9"]
[EventCountry "SRB"]
[SourceTitle "EXT 2013"]
[Source "ChessBase"]
[SourceDate "2012.11.22"]
[SourceVersion "1"]
[SourceVersionDate "2012.11.22"]
[SourceQuality "1"]

1. d4 Nf6 2. c4 c5 3. d5 b5 4. cxb5 a6 5. bxa6 d6 6. Nc3 g6 7. Nf3 Bxa6 8. g3 Bg7 9. Bg2 0-0 10. Rb1 Nbd7 11. 0-0 Qa5 12. Bd2 Ng4 13. a4 Rfb8 14. h3 Nge5 15. Nxe5 Nxe5 16. Na2 Qd8 17. b3 Ra7 18. Re1 Nd7 19. Qc2 Rc7 20. Ba5 Nb6 21. Rec1 Rcc8 22. h4 Qd7 23. Kh2 e6 24. e4 exd5 25. Bxb6 Rxb6 26. Bh3 Qc6 27. b4 Rcb8 28. b5 Qa8 29. exd5 Bb7 30. Bg2 Bxd5 31. Bxd5 Qxd5 32. Nc3 Qa8 33. Ra1 d5 34. Qd3 Rd6 35. Ra2 c4 36. Qf3 Rdd8 37. Qd1 Bxc3 38. Rxc3 Rxb5 39. Qd4 Ra5 40. h5 Qc6 41. h6 f6 42. Rf3 Ra6 43. Rb2 Kf7 44. g4 g5 45. Rb5 Kg6 46. Kg2 Kxh6 47. Ra5 Kg6 48. Rc5 Qe6 49. Re3 Qd6 50. Rf3 Qe5 51. Rxc4 Qxd4 52. Rxd4 h5 53. gxh5+ Kxh5 54. Rf5 Ra5 55. Kg3 Kg6 56. Kg4 Rda8 57. Rfxd5 Rxa4 58. Rxa4 Rxa4+ 59. Kg3 Ra3+ 60. Kg2 g4 61. Rb5 f5 62. Rc5 Kg5 63. Rb5 Ra4 64. Rc5 Kf4 65. Rc8 Ra2 66. Rc4+ Kg5 67. Rc5 Kf4 68. Rc4+ Ke5 69. Rc5+ Kf4 70. Rc4+ Kg5 71. Rc5 Ra3 72. Rb5 1/2-1/2

[Event "Zrenjanin"]
[Site "Zrenjanin"]
[Date "2011.07.09"]
[Round "2"]
[White "Vukic, Radivoje"]
[Black "Levnajic, Pavle"]
[Result "1-0"]
[WhiteElo "2333"]
[BlackElo "2248"]
[PlyCount "77"]
[EventDate "2011.07.08"]
[EventType "tourn"]
[EventRounds "9"]
[EventCountry "SRB"]
[SourceTitle "EXT 2013"]
[Source "ChessBase"]
[SourceDate "2012.11.22"]
[SourceVersion "1"]
[SourceVersionDate "2012.11.22"]
[SourceQuality "1"]

1. d4 Nf6 2. Nf3 g6 3. c4 Bg7 4. Nc3 0-0 5. e4 d6 6. Be2 e5 7. 0-0 Nbd7 8. Be3 a5 9. Qc2 h6 10. h3 exd4 11. Nxd4 Re8 12. Rad1 Nc5 13. f3 Nh5 14. Ndb5 Ne6 15. f4 Ng3 16. Rf3 Nxe2+ 17. Qxe2 Bd7 18. Qf2 Bxb5 19. Nxb5 Nf8 20. e5 Ra6 21. exd6 cxd6 22. f5 Nh7 23. fxg6 fxg6 24. Bf4 Ng5 25. Bxg5 hxg5 26. c5 a4 27. Nxd6 Rf8 28. Rd5 Rxf3 29. Qxf3 Qe7 30. Rd1 Rc6 31. Qd5+ Kh7 32. Ne4 Kh6 33. b3 Re6 34. Re1 Be5 35. Re2 Bf4 36. Qd4 Re5 37. g3 Bc1 38. Nf2 Ba3 39. Qxe5 1-0

[Event "Vojvodina-chT 2nd League"]
[Site "Sombor"]
[Date "2010.10.15"]
[Round "7"]
[White "Ratkovic, Milovan"]
[Black "Vukic, Radivoje"]
[Result "1/2-1/2"]
[WhiteElo "2081"]
[BlackElo "2343"]
[PlyCount "43"]
[EventDate "2010.10.10"]
[EventType "team-tourn"]
[EventRounds "9"]
[EventCountry "YUG"]
[SourceTitle "CBM 138 Extra"]
[Source "ChessBase"]
[SourceDate "2010.10.29"]
[SourceVersion "1"]
[SourceVersionDate "2010.10.29"]
[SourceQuality "1"]

1. d4 Nf6 2. c4 e6 3. Nf3 d5 4. e3 Be7 5. Nc3 0-0 6. Bd3 a6 7. e4 dxc4 8. Bxc4 c5 9. e5 Nfd7 10. d5 Nb6 11. b3 exd5 12. Nxd5 Nxc4 13. bxc4 b5 14. 0-0 bxc4 15. Nxe7+ Qxe7 16. Qc2 h6 17. Qxc4 Be6 18. Qe4 Rd8 19. Nh4 Nd7 20. Bb2 Rab8 21. Bc3 Nb6 22. Rfd1 1/2-1/2

[Event "Vojvodina-chT 2nd League"]
[Site "Sombor"]
[Date "2010.10.12"]
[Round "3"]
[White "Vukic, Radivoje"]
[Black "Vujadinovic, Goran"]
[Result "1/2-1/2"]
[WhiteElo "2343"]
[BlackElo "2371"]
[PlyCount "34"]
[EventDate "2010.10.10"]
[EventType "team-tourn"]
[EventRounds "9"]
[EventCountry "YUG"]
[SourceTitle "CBM 138 Extra"]
[Source "ChessBase"]
[SourceDate "2010.10.29"]
[SourceVersion "1"]
[SourceVersionDate "2010.10.29"]
[SourceQuality "1"]

1. d4 Nc6 2. Nf3 d6 3. d5 Nb8 4. c4 Nf6 5. Nc3 g6 6. g3 Bg7 7. Bg2 c6 8. 0-0 Qa5 9. a3 Qa6 10. dxc6 bxc6 11. Nd4 Bd7 12. b4 Qxc4 13. Ncb5 cxb5 14. Bxa8 Nd5 15. Bb2 Nc3 16. Bxc3 Qxc3 17. e3 0-0 1/2-1/2

[Event "CRO-chT3A Center"]
[Site "Zagreb"]
[Date "2010.04.25"]
[Round "6.12"]
[White "Vukic, Radivoje"]
[Black "Kristovic, Marijan"]
[Result "1-0"]
[WhiteElo "2346"]
[BlackElo "2294"]
[PlyCount "137"]
[EventDate "2010.03.21"]
[EventType "team-tourn"]
[EventRounds "11"]
[EventCountry "CRO"]
[SourceTitle "EXT 2012"]
[Source "ChessBase"]
[SourceDate "2011.11.24"]
[SourceVersion "1"]
[SourceVersionDate "2011.11.24"]
[SourceQuality "1"]

1. d4 Nf6 2. Nf3 e6 3. c4 Bb4+ 4. Nbd2 b6 5. g3 Bb7 6. Bg2 0-0 7. 0-0 Bxd2 8. Qxd2 d6 9. b3 a5 10. a3 Nbd7 11. Bb2 Re8 12. Rad1 Qe7 13. Rfe1 h6 14. Qc2 Be4 15. Qc3 Rac8 16. Bh3 c6 17. b4 axb4 18. axb4 b5 19. c5 Bxf3 20. Qxf3 d5 21. Ra1 Ra8 22. Qd3 e5 23. dxe5 Nxe5 24. Qf5 Ned7 25. e3 Nf8 26. Bxf6 Qxf6 27. Qxf6 gxf6 28. Bf5 Ne6 29. h4 Kf8 30. Red1 Ke7 31. Bh3 Nc7 32. Bf5 Rxa1 33. Rxa1 Ra8 34. Rb1 Ra2 35. Kg2 Kd8 36. e4 Rd2 37. Kf3 Rd4 38. Kg4 dxe4 39. Kh5 Nd5 40. Re1 Rxb4 41. Kxh6 Ne7 42. Bxe4 Rc4 43. Kg7 Rxc5 44. Kxf6 b4 45. Kxf7 Nd5 46. h5 Nc3 47. Bg6 Rd5 48. h6 Rd7+ 49. Kf8 c5 50. h7 Rxh7 51. Bxh7 Kc7 52. Bg8 Kc6 53. Bc4 Na4 54. g4 Nb2 55. Rc1 Nxc4 56. Rxc4 Kd5 57. Rc1 c4 58. g5 b3 59. g6 b2 60. Re1 c3 61. g7 c2 62. g8Q+ Kc5 63. Qg5+ Kc4 64. Re4+ Kb3 65. Qd5+ Ka3 66. Qa5+ Kb3 67. Qa4+ Kc3 68. Qc4+ Kd2 69. Re2+ 1-0

[Event "Vojvodina-chT"]
[Site "Sombor"]
[Date "2009.10.01"]
[Round "7"]
[White "Jovic, Stevan"]
[Black "Vukic, Radivoje"]
[Result "1/2-1/2"]
[WhiteElo "2284"]
[BlackElo "2350"]
[PlyCount "132"]
[EventDate "2009.09.27"]
[EventType "team-swiss"]
[EventRounds "11"]
[EventCountry "YUG"]
[SourceTitle "EXT 2012"]
[Source "ChessBase"]
[SourceDate "2011.11.24"]
[SourceVersion "1"]
[SourceVersionDate "2011.11.24"]
[SourceQuality "1"]

1. d4 Nf6 2. c4 c6 3. Nc3 d5 4. e3 a6 5. Be2 e6 6. Bd2 dxc4 7. Bxc4 b5 8. Be2 Bb7 9. Nf3 c5 10. 0-0 Nbd7 11. a3 Bd6 12. dxc5 Nxc5 13. Rc1 0-0 14. Na2 Qb6 15. Ba5 Qxa5 16. Qxd6 Nfe4 17. Qe5 f6 18. Qh5 Qb6 19. Nd4 e5 20. b4 Na4 21. Nf5 g6 22. Qg4 Kh8 23. Ng3 Nxg3 24. hxg3 Rac8 25. Bf3 f5 26. Qg5 Bxf3 27. gxf3 Qe6 28. Rxc8 Rxc8 29. Nc1 Kg7 30. e4 Qf6 31. Qe3 Qb6 32. Qd2 Qd8 33. Qe3 Rc3 34. Qa7+ Qc7 35. Qxc7+ Rxc7 36. Nd3 Kf6 37. exf5 gxf5 38. Re1 Rc3 39. Nxe5 Rxa3 40. Nd7+ Kf7 41. Re5 Rxf3 42. Nb8 Kf6 43. Rd5 Ke6 44. Rd4 Rc3 45. Nxa6 Rc6 46. Rh4 Kd5 47. Nb8 Rc7 48. Rh5 Ke4 49. Kg2 Nb2 50. f3+ Ke5 51. g4 Rf7 52. gxf5 Rxf5 53. Nc6+ Kf6 54. Rxh7 Nd3 55. Rd7 Ne1+ 56. Kf2 Nxf3 57. Rd6+ Kf7 58. Ke3 Ne1 59. Ke4 Rf6 60. Ne5+ Ke7 61. Rd7+ Ke8 62. Rd2 Rf1 63. Rd1 Nf3 64. Rxf1 Nd2+ 65. Kd3 Nxf1 66. Nc6 Kd7 1/2-1/2

[Event "Vojvodina-chT"]
[Site "Sombor"]
[Date "2009.09.28"]
[Round "2"]
[White "Vukic, Radivoje"]
[Black "Sevo, Dusan"]
[Result "1/2-1/2"]
[WhiteElo "2350"]
[BlackElo "2268"]
[PlyCount "73"]
[EventDate "2009.09.27"]
[EventType "team-swiss"]
[EventRounds "11"]
[EventCountry "YUG"]
[SourceTitle "EXT 2012"]
[Source "ChessBase"]
[SourceDate "2011.11.24"]
[SourceVersion "1"]
[SourceVersionDate "2011.11.24"]
[SourceQuality "1"]

1. Nf3 g6 2. c4 Bg7 3. e4 d6 4. d4 Nd7 5. Nc3 e5 6. Bg5 Ngf6 7. Be2 h6 8. Bh4 c6 9. 0-0 Qb6 10. dxe5 dxe5 11. Na4 Qa5 12. Nd2 0-0 13. a3 Nc5 14. Nxc5 Qxc5 15. b4 Qd4 16. Bxf6 Bxf6 17. Qc2 Be6 18. Nb3 Qd6 19. Rad1 Qe7 20. Na5 Rfc8 21. c5 b6 22. cxb6 axb6 23. Nxc6 Qe8 24. b5 Rxa3 25. Bc4 Rca8 26. Bd5 Bxd5 27. Rxd5 Ra2 28. Qc1 Kg7 29. Qe3 Rb2 30. Qxb6 Re2 31. Qc5 Raa2 32. Nxe5 Rac2 33. Qd6 Rxe4 34. Nd3 Rcc4 35. b6 Re6 36. Qd7 Qxd7 37. Rxd7 1/2-1/2

[Event "SRB-chT Cup"]
[Site "Sombor"]
[Date "2009.05.20"]
[Round "2"]
[White "Adzic, Momcilo"]
[Black "Vukic, Radivoje"]
[Result "0-1"]
[WhiteElo "2283"]
[BlackElo "2340"]
[PlyCount "60"]
[EventDate "2009.05.19"]
[EventType "team"]
[EventRounds "7"]
[EventCountry "YUG"]
[SourceTitle "CBM 130 Extra"]
[Source "ChessBase"]
[SourceDate "2009.07.02"]
[SourceVersion "2"]
[SourceVersionDate "2009.07.15"]
[SourceQuality "1"]

1. e4 c6 2. d4 d5 3. Nc3 dxe4 4. Nxe4 Bf5 5. Ng3 Bg6 6. Nf3 Nd7 7. h4 h6 8. h5 Bh7 9. Bd3 Bxd3 10. Qxd3 e6 11. Bf4 Qa5+ 12. Bd2 Bb4 13. c3 Be7 14. c4 Qc7 15. Ne4 Ngf6 16. g3 Nxe4 17. Qxe4 0-0 18. 0-0-0 b5 19. g4 Nf6 20. Qe2 bxc4 21. g5 hxg5 22. Bxg5 c3 23. b3 Rab8 24. Ne5 Nd5 25. Bxe7 Qxe7 26. Rdg1 Qa3+ 27. Kd1 Rxb3 28. Rxg7+ Kxg7 29. Qg4+ Kh7 30. Nxf7 c2+ 0-1

[Event "Zagreb op-A"]
[Site "Zagreb"]
[Date "2009.03.29"]
[Round "9"]
[White "Bender, Ivan"]
[Black "Vukic, Radivoje"]
[Result "1/2-1/2"]
[WhiteElo "2277"]
[BlackElo "2340"]
[PlyCount "116"]
[EventDate "2009.03.21"]
[EventType "swiss"]
[EventRounds "9"]
[EventCountry "CRO"]
[SourceTitle "CBM 129 Extra"]
[Source "ChessBase"]
[SourceDate "2009.05.05"]
[SourceVersion "2"]
[SourceVersionDate "2009.05.20"]
[SourceQuality "1"]

1. e4 c6 2. d4 d5 3. exd5 cxd5 4. c4 Nf6 5. Nc3 e6 6. Nf3 Be7 7. Bd3 0-0 8. 0-0 Nc6 9. a3 b6 10. cxd5 exd5 11. h3 h6 12. Be3 Bd6 13. Nd2 Ne7 14. Qc2 Re8 15. Rfe1 Be6 16. Rad1 Qc8 17. Nf1 Bf5 18. Qe2 Bxd3 19. Rxd3 a6 20. Na4 Qc6 21. Nc3 Rac8 22. Qf3 Ng6 23. g3 Qc4 24. Red1 Ne4 25. Bc1 Qc6 26. h4 Ne7 27. Ne2 b5 28. Nf4 Bxf4 29. Bxf4 Qc2 30. Bc1 Qc6 31. Qg2 Nf5 32. h5 Qe6 33. f3 Ned6 34. g4 Ne7 35. Re3 Qd7 36. b3 f6 37. Red3 Rc6 38. Bf4 Rec8 39. Ne3 a5 40. Qd2 Qa7 41. Bxd6 Rxd6 42. f4 Rdc6 43. Qg2 Qd7 44. g5 fxg5 45. fxg5 hxg5 46. Qxg5 Rf8 47. Rf1 Rxf1+ 48. Nxf1 Rf6 49. Rg3 Nf5 50. Qxf6 Nxg3 51. Qe5 Nxf1 52. Kxf1 Kh7 53. Kf2 Qc6 54. Kg3 Qc3+ 55. Kf4 Qxb3 56. Qf5+ Kh8 57. Qf8+ Kh7 58. Qf5+ Kh8 1/2-1/2

[Event "Zagreb op-A"]
[Site "Zagreb"]
[Date "2009.03.27"]
[Round "7"]
[White "Zelic, Mladen"]
[Black "Vukic, Radivoje"]
[Result "1/2-1/2"]
[WhiteElo "2318"]
[BlackElo "2340"]
[PlyCount "115"]
[EventDate "2009.03.21"]
[EventType "swiss"]
[EventRounds "9"]
[EventCountry "CRO"]
[SourceTitle "CBM 129 Extra"]
[Source "ChessBase"]
[SourceDate "2009.05.05"]
[SourceVersion "2"]
[SourceVersionDate "2009.05.20"]
[SourceQuality "1"]

1. e4 c6 2. d4 d5 3. Nc3 dxe4 4. Nxe4 Bf5 5. Ng3 Bg6 6. N1e2 e6 7. Nf4 Qh4 8. Bc4 Bd6 9. Nxg6 hxg6 10. Be3 Nd7 11. Qd2 Ngf6 12. 0-0-0 Nb6 13. Be2 Nbd5 14. Kb1 Bxg3 15. fxg3 Qe4 16. Bg1 Qxg2 17. Qd3 Qe4 18. c4 Qxd3+ 19. Rxd3 Nc7 20. Be3 0-0-0 21. h4 Ne4 22. Rg1 Nd6 23. b3 Nf5 24. Bf2 Rd7 25. Rgd1 a6 26. Kc2 g5 27. h5 Nd6 28. Be3 f6 29. g4 Nf7 30. Bf3 Rhd8 31. Bf2 f5 32. Bg3 f4 33. Be1 Ne8 34. Ba5 Nc7 35. Be4 Rf8 36. d5 cxd5 37. cxd5 Nxd5 38. Bxd5 Rxd5 39. Rxd5 exd5 40. Rxd5 Nh6 41. Bb4 Rf7 42. Ba5 b5 43. Rxg5 f3 44. Bb6 f2 45. Bxf2 Rxf2+ 46. Kc3 Rf3+ 47. Kb4 Rf4+ 48. Ka5 Rxg4 49. Rxg4 Nxg4 50. Kxa6 Nf6 51. Kxb5 Nxh5 52. Kc6 Nf4 53. Kd6 Kd8 54. b4 g5 55. Ke5 Ne6 56. b5 Kc7 57. Kf5 Kb6 58. a4 1/2-1/2

[Event "Vojvodina-chT"]
[Site "Pancevo"]
[Date "2007.09.28"]
[Round "7"]
[White "Vukic, Radivoje"]
[Black "Kostic, V Vladimir"]
[Result "0-1"]
[WhiteElo "2271"]
[BlackElo "2318"]
[PlyCount "142"]
[EventDate "2007.09.24"]
[EventType "team-tourn"]
[EventRounds "9"]
[EventCountry "SRB"]
[SourceTitle "EXT 2023"]
[Source "ChessBase"]
[SourceDate "2022.10.05"]
[SourceVersion "1"]
[SourceVersionDate "2022.10.05"]
[SourceQuality "1"]

1. d4 f5 2. g3 Nf6 3. Bg2 g6 4. b3 Bg7 5. Bb2 d6 6. Nf3 Ne4 7. Nbd2 Nxd2 8. Qxd2 Nd7 9. 0-0 Nf6 10. c4 c6 11. Rad1 0-0 12. d5 c5 13. Qc2 Rb8 14. Nd2 b5 15. cxb5 Rxb5 16. e4 fxe4 17. Nxe4 Bf5 18. Qe2 Rb8 19. Ng5 Bg4 20. Bf3 Bd7 21. Rfe1 Re8 22. h4 Qc8 23. h5 h6 24. Ne6 Bxe6 25. dxe6 Rf8 26. hxg6 Rb6 27. Bc1 Qa6 28. Qc2 Rb4 29. Bf4 Ne8 30. Qd2 Rd4 31. Qe2 Qxe2 32. Bxe2 Rdxf4 33. gxf4 Rxf4 34. Kg2 Bd4 35. f3 Nf6 36. Rh1 Kg7 37. Kg3 Be5 38. Kg2 a5 39. Rh3 a4 40. Bc4 h5 41. Kf2 Bd4+ 42. Kg3 Be5 43. Kf2 Bd4+ 44. Ke2 d5 45. Bd3 axb3 46. axb3 Be5 47. Rd2 Bd6 48. Ra2 Rb4 49. Bc2 h4 50. Ra4 Bg3 51. Rxb4 cxb4 52. Rh1 Nh5 53. Bf5 Kf6 54. Bg4 Nf4+ 55. Ke3 Nxg6 56. Kd4 Nf4 57. Kc5 Nxe6+ 58. Kxb4 Nd4 59. Kc3 e5 60. b4 Kg5 61. Kd3 Kf4 62. Rf1 h3 63. Bxh3 Nxf3 64. b5 e4+ 65. Ke2 d4 66. b6 d3+ 67. Kd1 e3 68. b7 e2+ 69. Kc1 exf1Q+ 70. Bxf1 Ke3 71. Bxd3 Kxd3 0-1